banner koha

Inquietos por natureza : (Registro n. 300923)

MARC details
000 -LÍDER
Campo de controle fixo 00694nam a22002537a 4500
001 - NÚMERO DE CONTROLE
Número de controle BS2023000236
003 - CÓDIGO MARC DA AGÊNCIA CATALOGADORA
Campo de controle BR-BrBNA
005 - DATA E HORA DA ÚLTIMA ATUALIZAÇÃO
Campo de controle 20240828105141.0
008 - CAMPO DE TAMANHO FIXO
Campo fixo de controle 240816b bl.||||| |||| 00| 0 por d
020 ## - ISBN - INTERNATIONAL STANDARD BOOK NUMBER
ISBN 978-65-88523-89-6
040 ## - FONTE DA CATALOGAÇÃO
Agência catalogadora BR-BrBNA
Idioma da catalogação por.
041 ## - CÓDIGO DO IDIOMA
Código do Idioma por.
072 ## - CATEGORIA DE CLASSIFICAÇÃO
Código da categoria de assunto D10
100 ## - ENTRADA PRINCIPAL - NOME PESSOAL
Código de relação Org.
Nome pessoal Kepler, João
245 ## - TÍTULO PRINCIPAL
Título principal Inquietos por natureza :
Subtítulo O sucesso é o resultado da dedicação incessante /
260 ## - IMPRENTA (PUBLICAÇÃO, DISTRIBUIÇÃO, ETC.)
Lugar de publicação, distribuição, etc. São Paulo - SP :
Nome do editor, distribuidor, etc. Gente Autoridade,
Data de publicação, distribuição, etc 2023
300 ## - DESCRIÇÃO FÍSICA
Extensão 224 p.
650 ## - ASSUNTO
Cabeçalho tópico ou nome geográfico ADMINISTRAÇÃO
650 ## - ASSUNTO
Cabeçalho tópico ou nome geográfico EMPREENDEDORISMO
650 ## - ASSUNTO
Cabeçalho tópico ou nome geográfico GESTÃO DE PESSOAS
909 ## - IDENTIFICAÇÃO DO CATALOGADOR
Ano e mês da catalogação (aaaamm) 202408
Identificação do catalogador Maria Neves
942 ## - TIPO ESPECÍFICO
Tipo de material Livros
Exemplares
Status de empréstimo Fonte de classificação Status de danificação Não pode ser emprestado Código da coleção Localização permanente Localização atual Total Checkouts Número de chamada Código de barras Checked out Date last seen Date last checked out Tipo de material Perdido Data de aquisição Fonte de aquisição Qualificador de localização codificada Preço Número de inventário Preço para reposição Preço efetivo a partir de
  Classificação AGRIS     Acervo Cultural Biblioteca Nacional de Agricultura - Binagri Biblioteca Nacional de Agricultura - Binagri 1 D10 2023000236 2024-4282 12/09/2024 28/08/2024 28/08/2024 Livros                

BINAGRI

Telefone: (61)3218-2567/2388/3357/2097 - binagri@agro.gov.br

Ministério da Agricultura e Pecuária , Esplanada dos Ministérios, Bloco D, Anexo B, Brasília/DF, CEP: 70.043-900